000 01776cam a2200529 i 4500
001 2993
003 KOSZ 005
005 20250701115942.0
008 250701s1986 pl a f 000 0 pol
015 _aUWD 1986/4942
020 _a8320407664
035 _a991007687849705066
035 _a(PL-WaBN)b11992347-48omnis_nlop
035 _ab11992347
035 _a(OCoLC)751364238
035 _axx001584153
035 _a(PL)b0000001199234
035 _a(EXLNZ-48OMNIS_NETWORK)9910363331305606
040 _aWA N
_cWA N
_dKOSZ 005/RW
046 _k1986
080 _a621.83
100 1 _aMüller, Ludwik
_d(1918-1998)
_eAutor
245 1 0 _aPrzekładnie zębate :
_bdynamika /
_cLudwik Müller.
250 _aWydanie I.
260 _aWarszawa :
_bWydawnictwa Naukowo-Techniczne,
_c1986.
300 _a166, [2] stron :
_brysunki, wykresy ;
_c24 cm.
336 _aTekst
_btxt
_2rdacontent
337 _aBez urządzenia pośredniczącego
_bn
_2rdamedia
338 _aWolumin
_bnc
_2rdacarrier
380 _aKsiążki
380 _aPublikacje dydaktyczne
380 _aPublikacje fachowe
385 _mPoziom nauczania
_aSzkoły wyższe
388 1 _a1901-2000
388 1 _a1945-1989
504 _aBibliografia na stronach 165-[167].
521 8 _aKsiążka jest przeznaczona dla inżynierów konstruktorów oraz studentów.
650 7 _aKoła zębate
_2DBN
650 7 _aMechanika
_2DBN
650 7 _aPrzekładnie zębate
_2DBN
655 7 _aOpracowanie
658 _aInżynieria i technika
710 2 _aWydawnictwa Naukowo-Techniczne
_4pbl
856 _uhttps://koha.tu.koszalin.pl/cgi-bin/koha/opac-detail.pl?biblionumber=2993
_yKatalog online BPK
942 _2UKD
_cKS
999 _c2993
_d2993